Movies Quiz

Random Movies or Clip Quiz

John Williams Clips Quiz Stats

 Plays Quiz not verified by Sporcle

Score 0/20 Timer 07:00
0 Plays Today
Time Film % Correct
0:00-0:10Star Wars
99.7%
0:10-0:20Raiders of the Lost Ark
98.5%
0:20-0:30E.T. The Extra Terrestrial
90.2%
1:50-2:00Jurassic Park
86.7%
1:10-1:20Harry Potter and the Philosopher's Stone
86.7%
3:10-3:20Jaws
84.3%
2:30-2:40Superman
73.1%
0:40-0:50Schindler's List
66.3%
1:30-1:40Home Alone
60.7%
0:50-1:00Saving Private Ryan
42.9%
Time Film % Correct
1:00-1:10Hook
41.7%
1:20-1:30Catch Me If You Can
41.1%
0:30-0:40Close Encounters of the 3rd Kind
34.3%
1:40-1:50Empire of the Sun
15.4%
2:00-2:10A.I. Artificial Intelligence
14.5%
2:20-2:30Memoirs of a Geisha
10.9%
3:00-3:10The Adventures of Tintin
10.7%
2:10-2:20JFK
10.1%
2:50-3:00The Patriot
6.8%
2:40-2:50The Book Thief
5.9%

You're not logged in!

Compare scores with friends on all Sporcle quizzes.
OR
Log In

Show Comments

Extras

Top Quizzes Today


Score Distribution

Your Account Isn't Verified!

In order to create a playlist on Sporcle, you need to verify the email address you used during registration. Go to your Sporcle Settings to finish the process.

Report this User

Report this user for behavior that violates our Community Guidelines.

Details: